|
|
|
|
| LEADER |
00682ncm a22002172a 4500 |
| 001 |
001195050 |
| 003 |
CZ BrMZK |
| 005 |
20120314090723.0 |
| 007 |
qu |
| 008 |
120215s1988 xr |||||||||||||||||zxx d |
| 040 |
|
|
|a BOA001
|b cze
|
| 072 |
|
7 |
|a 788
|x Hudba pro dechové nástroje
|2 Konspekt
|9 9
|
| 100 |
1 |
|
|a Tioka, Jindřich,
|d 1937-
|7 skuk0005617
|4 cmp
|
| 245 |
1 |
0 |
|a Etudy
|h [hudebnina] :
|b pro sopránovou zobcovou flétnu /
|c Jindřich Tioka
|
| 250 |
|
|
|a 1. vyd.
|
| 260 |
|
|
|a Praha :
|b Panton,
|c 1988
|
| 300 |
|
|
|a 24 s.
|
| 910 |
|
|
|a BOA001
|b Mus4-0932.308
|
| 990 |
|
|
|a MU
|
| 991 |
|
|
|b 201202
|
| 996 |
6 |
|
|b 2619053684
|c Mus4-0932.308
|l MZK
|r Sklad / do 1 hodiny
|n 2
|w 001228649
|u 000010
|a 1
|e BOA001
|j MZK50
|s P
|